<?xml version="1.0" encoding="UTF-8"?>
<record
    xmlns:xsi="http://www.w3.org/2001/XMLSchema-instance"
    xsi:schemaLocation="http://www.loc.gov/MARC21/slim http://www.loc.gov/standards/marcxml/schema/MARC21slim.xsd"
    xmlns="http://www.loc.gov/MARC21/slim">

  <leader>06493nam a2200385 a 4500</leader>
  <controlfield tag="003">CHAP</controlfield>
  <controlfield tag="005">20240530174449.0</controlfield>
  <controlfield tag="007">ta</controlfield>
  <controlfield tag="008">231004s2021    mx abo|fom||| 001 0 spa d</controlfield>
  <datafield tag="040" ind1=" " ind2=" ">
    <subfield code="e">rda</subfield>
  </datafield>
  <datafield tag="041" ind1=" " ind2=" ">
    <subfield code="a">spa</subfield>
  </datafield>
  <datafield tag="100" ind1="1" ind2=" ">
    <subfield code="9">188071</subfield>
    <subfield code="a">Hern&#xE1;ndez P&#xE9;rez, Natalia</subfield>
  </datafield>
  <datafield tag="245" ind1="1" ind2="0">
    <subfield code="a">Estudio bromatol&#xF3;gico de Genipa Americana L. de San Luis Acatl&#xE1;n, Guerrero, M&#xE9;xico / </subfield>
    <subfield code="c">Natalia Hern&#xE1;ndez P&#xE9;rez</subfield>
  </datafield>
  <datafield tag="264" ind1=" " ind2=" ">
    <subfield code="a">Chapingo, M&#xE9;xico :</subfield>
    <subfield code="b">El autor,</subfield>
    <subfield code="c">2021</subfield>
  </datafield>
  <datafield tag="300" ind1=" " ind2=" ">
    <subfield code="a">1 recurso en l&#xED;nea (xiii, 141 p&#xE1;ginas) : </subfield>
    <subfield code="b">ilustraciones, mapas, tablas, fotos</subfield>
  </datafield>
  <datafield tag="336" ind1=" " ind2=" ">
    <subfield code="2">rdacontent</subfield>
    <subfield code="a">texto</subfield>
    <subfield code="b">txt</subfield>
  </datafield>
  <datafield tag="337" ind1=" " ind2=" ">
    <subfield code="2">rdamedia</subfield>
    <subfield code="a">computadora</subfield>
    <subfield code="b">c</subfield>
  </datafield>
  <datafield tag="338" ind1=" " ind2=" ">
    <subfield code="2">rdacarrier</subfield>
    <subfield code="a">recurso en l&#xED;nea</subfield>
    <subfield code="b">cr</subfield>
  </datafield>
  <datafield tag="502" ind1=" " ind2=" ">
    <subfield code="a">Tesis</subfield>
    <subfield code="b">IA</subfield>
    <subfield code="c">Agroindustrias</subfield>
    <subfield code="d">2021</subfield>
    <subfield code="g">LIC</subfield>
  </datafield>
  <datafield tag="504" ind1=" " ind2=" ">
    <subfield code="a">Bibliograf&#xED;a: p&#xE1;ginas 124-139</subfield>
  </datafield>
  <datafield tag="520" ind1="3" ind2=" ">
    <subfield code="a">La investigaci&#xF3;n de la especie Genipa americana L. en nuestro pa&#xED;s M&#xE9;xico, en las zonas subh&#xFA;medas, h&#xFA;medas y secas del pa&#xED;s, as&#xED; como son Santa Cruz del Rinc&#xF3;n, Ocotito, San Luis Acatl&#xE1;n en el estado de Guerrero, Chiapas y Oaxaca. Se realiza con el prop&#xF3;sito de reconocer la existencia de esta especie, su origen, sus propiedades, el uso que tiene, por lo que en otros pa&#xED;ses como: Brasil, Costa Rica, Ecuador y Per&#xFA;, las personas adem&#xE1;s de indagar sobre el fruto, le han dado la importancia, el aprovechamiento por sus distintos usos, entre ellos gastron&#xF3;micos, medicinales, experimentales para su uso externo (en la elaboraci&#xF3;n de tintes para el cabello) en humanos, y en la aplicaci&#xF3;n de tatuajes, as&#xED; como para el consumo del ganado. Desde el siglo XVI, y probablemente antes de la fecha, comienzan los descubrimientos de los mexicas para pintarse el cuerpo con el jugo del fruto verde que ti&#xF1;e de pardo o negro viol&#xE1;ceo todo lo que toca. Al igual que los ind&#xED;genas de Panam&#xE1; que lo han usado para te&#xF1;ir vestidos, utensilios y para pintar su piel. Pero hasta la fecha ya no se ha vuelto a realizar este m&#xE9;todo. Se considera importante recuperar esta especie que ya es patrimonio cultural inmaterial de la humanidad y ha existido entre nosotros desde hace muchos siglos, por lo que se abri&#xF3; e inici&#xF3; el rastreo y recolecci&#xF3;n de este fruto para el Estudio Bromatol&#xF3;gico de Genipa americana L. mediante el reconocimiento de la especie en campo y posteriormente en laboratorio. Realizando el an&#xE1;lisis biom&#xE9;trico de los frutos, conteo de semillas por fruto, las pruebas de extracci&#xF3;n de pigmento y coloraci&#xF3;n utilizado como solventes alcohol, agua, aceites de aguacate y olivo. Finalmente el an&#xE1;lisis bromatol&#xF3;gico y la elaboraci&#xF3;n del licor de tejoruco. Obteniendo como resultado que: la especie sufre de variaci&#xF3;n natural continua, la extracci&#xF3;n del colorante se puede obtener en la cocci&#xF3;n de la cascara verde, y en la infusi&#xF3;n de semillas en alcohol, la actividad de la pigmentaci&#xF3;n ocurre despu&#xE9;s de las dos horas de su aplicaci&#xF3;n o de haber sido manipulada e impregnada en la piel desvaneci&#xE9;ndose entre 5 -7 d&#xED;as sin causar molestia ni irritaci&#xF3;n, y la pulpa contiene un alto contenido de fibra, un adecuado porcentaje de prote&#xED;nas, un pH &#xE1;cido con sabor astringente, siendo este un excelente fruto consumido de manera directa o procesado en sus distintas presentaciones, como en el licor, en donde, las caracter&#xED;sticas propias del sabor, y su color prevalecen.</subfield>
  </datafield>
  <datafield tag="520" ind1="3" ind2=" ">
    <subfield code="a">The investigation of the species Genipa americana L. in our country Mexico, in the &#xE1;reas subhumid, humid and dry in the country, as well as Santa Cruz del Rinc&#xF3;n, Ocotito, San Luis Acatl&#xE1;n in the state of Guerrero, Chiapas and Oaxaca. It is done for the purpose of recognize the existence of this species, it&#xB4;s origin, it&#xB4;s properties, the use it has, for what in other countries such as:Brazil, Costa Rica, Ecuador and Peru, people in addition to inquire about the fruit, they have given it importance, the use of it&#xB4;s different uses, including gastronomic, medicinal, experimental for external use (in the preparation of hair dyes) in humans, and in the application of tattoos, as well as for livestock consumption. From the 16th century, and probably before the date, the discoveries of the Mexica to paint their bodies with the juice of the green fruit that stains brown or black all it touches is purplish. Like the indigenous people of Panama who have used it to dye clothes, utensils and to paint your skin. But to date in has not been done again this method. It is considered important to recover this species that is already intangible cultural heritage of humanity and has existed among us for many centuries, so it opened and began the tracking and collection of this fruit for the Bromatological Study Genipa americana L. by means of the recognition of the species in the field and later in laboratory. Carrying out the biometric analysis of the fruits, counting the seed per fruit, the pigment and coloring extraction tests used as solvents alcohol, w&#xE1;ter, avocado and olive oils. Finally the bromatological analysis and the elaboration of the liquor of tejoruco. Obtaining as a result that: the species suffers from continuos natural variation, the extracci&#xF3;n of the colorant can be obtained in the cooking of the gree skin, and in the infusi&#xF3;n of seed in alcohol, pigmentation activity occurs after two hours of it&#xB4;s application or of having been manipulated and impregnated in the skin fading between 5-7 days without causing discomfort of irritation, and the pulp contains high fiber content a adequate protein percentage, an acidic pH with an astringent taste, this being a excellent fruit consumed directly or processed in it&#xB4;s different presentations, as in liquor, where the characteristic of the flavor and it&#xB4;s color prevail.</subfield>
  </datafield>
  <datafield tag="650" ind1="1" ind2="3">
    <subfield code="9">186969</subfield>
    <subfield code="a">Genipa americana L.</subfield>
  </datafield>
  <datafield tag="650" ind1="1" ind2="3">
    <subfield code="9">186969</subfield>
    <subfield code="a">Genipa americana L.</subfield>
    <subfield code="x">Propiedades fisicoqu&#xED;micas</subfield>
  </datafield>
  <datafield tag="650" ind1="1" ind2="3">
    <subfield code="9">186969</subfield>
    <subfield code="a">Genipa americana L.</subfield>
    <subfield code="x">Propiedades rheol&#xF3;gicas</subfield>
  </datafield>
  <datafield tag="650" ind1="1" ind2="3">
    <subfield code="9">186969</subfield>
    <subfield code="a">Genipa americana L.</subfield>
    <subfield code="x">Evaluaci&#xF3;n sensorial de los alimentos</subfield>
  </datafield>
  <datafield tag="650" ind1="1" ind2="3">
    <subfield code="9">186969</subfield>
    <subfield code="a">Genipa americana L.</subfield>
    <subfield code="x">Physicochemical properties</subfield>
  </datafield>
  <datafield tag="650" ind1="1" ind2="3">
    <subfield code="9">186969</subfield>
    <subfield code="a">Genipa americana L.</subfield>
    <subfield code="x">Rheological properties</subfield>
  </datafield>
  <datafield tag="650" ind1="1" ind2="3">
    <subfield code="9">186969</subfield>
    <subfield code="a">Genipa americana L.</subfield>
    <subfield code="x">Sensory evaluation</subfield>
  </datafield>
  <datafield tag="700" ind1="1" ind2=" ">
    <subfield code="9">97321</subfield>
    <subfield code="a">Rico Cerda, Jos&#xE9;</subfield>
    <subfield code="e">director</subfield>
  </datafield>
  <datafield tag="700" ind1="1" ind2=" ">
    <subfield code="9">122169</subfield>
    <subfield code="a">Wilson Garc&#xED;a, Claudia Yanet</subfield>
    <subfield code="e">asesor</subfield>
  </datafield>
  <datafield tag="700" ind1="1" ind2=" ">
    <subfield code="9">154340</subfield>
    <subfield code="a">Esparza Torres, F&#xE9;lix</subfield>
    <subfield code="e">asesor</subfield>
  </datafield>
  <datafield tag="856" ind1="4" ind2="0">
    <subfield code="y">DESCARGAR PDF</subfield>
    <subfield code="u">http://10.13.5.2/tesis/tl/1411125-5_HERNANDEZ_PEREZ_NATALIA.pdf</subfield>
  </datafield>
  <datafield tag="942" ind1=" " ind2=" ">
    <subfield code="2">Clasificaci&#xF3;n Universidad Aut&#xF3;noma Chapingo</subfield>
    <subfield code="c">TD</subfield>
  </datafield>
  <datafield tag="999" ind1=" " ind2=" ">
    <subfield code="c">219215</subfield>
    <subfield code="d">219215</subfield>
  </datafield>
  <datafield tag="952" ind1=" " ind2=" ">
    <subfield code="0">0</subfield>
    <subfield code="1">0</subfield>
    <subfield code="2">local</subfield>
    <subfield code="4">0</subfield>
    <subfield code="7">0</subfield>
    <subfield code="8">TesDigL</subfield>
    <subfield code="a">IA_</subfield>
    <subfield code="b">IA_</subfield>
    <subfield code="c">E_L</subfield>
    <subfield code="d">2023-10-04</subfield>
    <subfield code="e">El autor</subfield>
    <subfield code="l">0</subfield>
    <subfield code="p">1201013784</subfield>
    <subfield code="r">2023-10-04 00:00:00</subfield>
    <subfield code="w">2023-10-04</subfield>
    <subfield code="y">TD</subfield>
  </datafield>
  <datafield tag="952" ind1=" " ind2=" ">
    <subfield code="0">0</subfield>
    <subfield code="1">0</subfield>
    <subfield code="2">local</subfield>
    <subfield code="4">0</subfield>
    <subfield code="5">1</subfield>
    <subfield code="7">0</subfield>
    <subfield code="8">TesDigL</subfield>
    <subfield code="a">BD</subfield>
    <subfield code="b">BD</subfield>
    <subfield code="c">E_L</subfield>
    <subfield code="d">2024-02-02</subfield>
    <subfield code="e">El autor</subfield>
    <subfield code="l">0</subfield>
    <subfield code="o">Tesis digital</subfield>
    <subfield code="p">1301013784</subfield>
    <subfield code="r">2024-02-02 00:00:00</subfield>
    <subfield code="w">2024-02-02</subfield>
    <subfield code="y">TD</subfield>
  </datafield>
</record>
